| 000 | 01797pam a22004817i 4500 | ||
|---|---|---|---|
| 999 |
_c63977 _d63977 |
||
| 001 | 15234740 | ||
| 003 | CO-MdFUSB | ||
| 005 | 20180622170748.0 | ||
| 008 | 080326t2008 enka b 001 0 eng | ||
| 010 | _a 2008271805 | ||
| 020 | _a9780521871020 | ||
| 020 | _a0521871026 | ||
| 040 |
_aUKM _cCO-MdFUSB _dCO-MdFUSB _dBAKER _dYDXCP _dC#P _dDLC _bspa _erda |
||
| 041 | _aeng | ||
| 042 |
_aukblcatcopy _alccopycat |
||
| 082 | 0 | 4 |
_224 _aG 576.8 _bF546f |
| 245 | 1 | 0 |
_aFitness of the cosmos for life _b: biochemistry and fine-tuning _c/ editado por John Barrow, Simon Conway Morris, Stephen J. Freeland y Charles L. Harper, Jr. |
| 260 | _bCambridge University Press, | ||
| 264 | 1 |
_aCambridge ; _aNew York ; _bCambridge University Press, _c℗[2008] |
|
| 264 | 4 | _c©2008 | |
| 300 |
_axxiii, 501 páginas : _bilustraciones ; _c25 cm. |
||
| 336 |
_2rdacontent _a1 _ba1 |
||
| 337 |
_2rdamedia _a2 _b5 |
||
| 338 |
_2rdacarrier _a2 _b5 |
||
| 440 | 0 | _vno. 2 | |
| 490 | _aCambridge Astrobiology | ||
| 501 | _aIncluye índice (p. 491- 501) | ||
| 505 | _aParte I: La aptitud del ¨fitness¨: Henderson en su contexto -- Parte II: La aptitud del medio ambiente cósmico -- Parte III: La aptitud del ambiente terrestre -- Parte IV: La aptitud del medio ambiente químico | ||
| 653 | _aBioquímica | ||
| 653 | _aExobiología | ||
| 700 | 1 |
_aBarrow, John D., _d1952- _eeditor |
|
| 720 | _aMorris, Simon Conway | ||
| 720 | _aFreeland, Stephen J. | ||
| 720 | _aHarper, Charles L., Jr. | ||
| 906 |
_a7 _bcbc _ccopycat _d2 _encip _f20 _gy-gencatlg |
||
| 942 | _cBK | ||